Cifra nyomorúság

Elmentve itt :
Bibliográfiai részletek
Szerző: LÁZÁR Edit
Adatforrás:Meister
Forrásdokumentuma:A Hét. -
16 sz., 1992, 4 p.
Nyelv:magyar
Kulcsszavak:riport (közéleti)
tudományos intézmények
szegénység
Románia
Életminőség-kutató Intézet (Románia)
LEADER 00461nab a2200169 i 4500
001 bibPRO00006469
008 060524s1992 xx hun
040 |a Sz1 
041 |a hun 
100 1 |a LÁZÁR Edit 
245 1 0 |a Cifra nyomorúság  |c LÁZÁR Edit 
695 |a riport (közéleti) 
695 |a tudományos intézmények 
695 |a szegénység 
695 |a Románia 
695 |a Életminőség-kutató Intézet (Románia) 
773 0 |t A Hét. -  |g 16 sz., 1992, 4 p.